Statistics for Francis Ford Coppola Movies

Click here to take the quiz!

General Stats

  • This quiz has been taken 163 times
  • The average score is 9 of 26

Answer Stats

HintAnswer% Correct
1972The Godfather
98%
1974The Godfather - Part II
95%
1979Apocalypse Now
88%
1990The Godfather - Part III
77%
1974The Conversation
66%
1992Bram Stoker's Dracula
57%
1996Jack
37%
1983The Outsiders
37%
1983Rumble Fish
33%
1986Peggy Sue Got Married
29%
2009Tetro
27%
1997The Rainmaker
27%
2011Twixt
27%
1982One from the Heart
24%
1989New York Stories
23%
1989Tucker: The Man and His Dream
23%
1969The Rain People
20%
1963Dementia 13
18%
1984The Cotton Club
18%
2007Youth without Youth
14%
1987Gardens of Stone
13%
1968Finian's Rainbow
11%
1966You're a Big Boy Now
9%
1963The Terror
4%
1962The Bellboy and the Playgirls
2%
1962Tonight for Sure
2%

Score Distribution

Percentile by Number Answered

Percent of People with Each Score

Your Score History

You have not taken this quiz